| 000 | 00380nam a2200121 4500 | ||
|---|---|---|---|
| 999 |
_c10787 _d10787 |
||
| 008 | 180920b ||||| |||| 00| 0 eng d | ||
| 100 |
_931411 _aTorregoza, Hannah L. |
||
| 245 |
_aComing soon: law prohibiting age discrimination in workplace/ _cHannah L. Torregoza |
||
| 260 |
_aPhilippines _bManila Bulletin _cc2016 |
||
| 300 | _apage 2. | ||
| 650 | 0 |
_937152 _aLaw. |
|
| 942 |
_2ddc _cPER |
||